| LEADER 00000nam 2200000uu 4500 |
| 001 13399126398 |
| 003 ULIB |
| 008 141220s2556||||th 000 0 tha d |
| 020 ^a9786160817382
|
| 050 4 ^aTK5105.5^bพ757บ 2556
|
| 100 0 ^aพิศาล พิทยาธุรวิวัฒน์
|
| 245 10 ^aบริหารจัดการ Networking ด้วย Windows 7 /^cพิศาล พิทยาธุรวิวัฒน์
|
| 260 ^aกรุงเทพฯ :^bซีเอ็ดยูเคชั่น,^c2556
|
| 300 ^a464 หน้า :^bภาพประกอบ
|
| 650 7 ^aระบบเครือข่าย
|
| 650 7 ^aเครือข่ายคอมพิวเตอร์^xการจัดการ
|
| 856 ^zบริหารจัดการ Networking ด้วย Windows 7(10041321).pdf (สารบัญหนังสือ)^uhttp://61.19.69.198/ULIB//_fulltext/Content ::/13399126398/20150124153744_4873.pdf |
| 999 ^aสุณิสา
|